<?xml version="1.0" encoding="UTF-8"?>
<record
    xmlns:xsi="http://www.w3.org/2001/XMLSchema-instance"
    xsi:schemaLocation="http://www.loc.gov/MARC21/slim http://www.loc.gov/standards/marcxml/schema/MARC21slim.xsd"
    xmlns="http://www.loc.gov/MARC21/slim">

  <leader>03456nam0a2200469   4500</leader>
  <controlfield tag="001">RU\NLR\BIBL_A\012789079</controlfield>
  <controlfield tag="005">20220926123113.0</controlfield>
  <datafield tag="010" ind1=" " ind2=" ">
    <subfield code="a">978-5-17-146362-5</subfield>
    <subfield code="9">2000</subfield>
  </datafield>
  <datafield tag="021" ind1=" " ind2=" ">
    <subfield code="a">RU</subfield>
    <subfield code="b">&#x41A;&#x41D;-&#x41F;-22-008607</subfield>
    <subfield code="9">&#x41A;&#x41D;-&#x41F;-22-0698</subfield>
  </datafield>
  <datafield tag="035" ind1=" " ind2=" ">
    <subfield code="a">(NLR Aleph) 012789079</subfield>
  </datafield>
  <datafield tag="035" ind1=" " ind2=" ">
    <subfield code="a">(RuMoRGB)010978717</subfield>
  </datafield>
  <datafield tag="090" ind1=" " ind2=" ">
    <subfield code="a">13147318</subfield>
    <subfield code="c">13147318</subfield>
  </datafield>
  <datafield tag="100" ind1=" " ind2=" ">
    <subfield code="a">20220517d2022    u  y0rusy50      ca</subfield>
  </datafield>
  <datafield tag="101" ind1="0" ind2=" ">
    <subfield code="a">rus</subfield>
  </datafield>
  <datafield tag="102" ind1=" " ind2=" ">
    <subfield code="a">RU</subfield>
  </datafield>
  <datafield tag="105" ind1=" " ind2=" ">
    <subfield code="a">a|||f||||||z|</subfield>
  </datafield>
  <datafield tag="181" ind1=" " ind2="0">
    <subfield code="a">b3</subfield>
    <subfield code="b">xb2e  </subfield>
  </datafield>
  <datafield tag="181" ind1=" " ind2="1">
    <subfield code="a">i1</subfield>
    <subfield code="b">axxe  </subfield>
  </datafield>
  <datafield tag="182" ind1=" " ind2="1">
    <subfield code="a">n</subfield>
  </datafield>
  <datafield tag="200" ind1="1" ind2=" ">
    <subfield code="a">&#x421;&#x43E;&#x432;&#x440;&#x435;&#x43C;&#x435;&#x43D;&#x43D;&#x43E;&#x435; &#x43E;&#x440;&#x443;&#x436;&#x438;&#x435;</subfield>
    <subfield code="f">&#x41B;. &#x415;. &#x421;&#x44B;&#x442;&#x438;&#x43D;</subfield>
  </datafield>
  <datafield tag="203" ind1=" " ind2=" ">
    <subfield code="a">&#x418;&#x437;&#x43E;&#x431;&#x440;&#x430;&#x436;&#x435;&#x43D;&#x438;&#x435;</subfield>
    <subfield code="a">&#x422;&#x435;&#x43A;&#x441;&#x442;</subfield>
    <subfield code="b">&#x432;&#x438;&#x437;&#x443;&#x430;&#x43B;&#x44C;&#x43D;&#x44B;&#x435;</subfield>
    <subfield code="c">&#x43D;&#x435;&#x43F;&#x43E;&#x441;&#x440;&#x435;&#x434;&#x441;&#x442;&#x432;&#x435;&#x43D;&#x43D;&#x44B;&#x435;</subfield>
  </datafield>
  <datafield tag="210" ind1=" " ind2=" ">
    <subfield code="a">&#x41C;&#x43E;&#x441;&#x43A;&#x432;&#x430;</subfield>
    <subfield code="c">&#x410;&#x421;&#x422;</subfield>
    <subfield code="d">2022</subfield>
  </datafield>
  <datafield tag="215" ind1=" " ind2=" ">
    <subfield code="a">511 &#x441;.</subfield>
    <subfield code="c">&#x438;&#x43B;.</subfield>
    <subfield code="d">24</subfield>
  </datafield>
  <datafield tag="225" ind1="1" ind2=" ">
    <subfield code="a">&#x421;&#x435;&#x440;&#x438;&#x44F; "&#x42D;&#x43D;&#x446;&#x438;&#x43A;&#x43B;&#x43E;&#x43F;&#x435;&#x434;&#x438;&#x44F; &#x432;&#x43E;&#x43E;&#x440;&#x443;&#x436;&#x435;&#x43D;&#x438;&#x44F;"</subfield>
  </datafield>
  <datafield tag="320" ind1=" " ind2=" ">
    <subfield code="a">&#x41D;&#x430; &#x43F;&#x435;&#x440;. &#x430;&#x432;&#x442;. &#x43D;&#x435; &#x443;&#x43A;&#x430;&#x437;&#x430;&#x43D;</subfield>
  </datafield>
  <datafield tag="330" ind1=" " ind2=" ">
    <subfield code="a">&#x42D;&#x442;&#x430; &#x43A;&#x43D;&#x438;&#x433;&#x430; &#x440;&#x430;&#x441;&#x441;&#x43A;&#x430;&#x437;&#x44B;&#x432;&#x430;&#x435;&#x442; &#x43E; &#x43D;&#x430;&#x438;&#x431;&#x43E;&#x43B;&#x435;&#x435; &#x441;&#x43E;&#x432;&#x440;&#x435;&#x43C;&#x435;&#x43D;&#x43D;&#x44B;&#x445; &#x43E;&#x431;&#x440;&#x430;&#x437;&#x446;&#x430;&#x445; &#x43E;&#x440;&#x443;&#x436;&#x438;&#x44F; &#x438; &#x431;&#x43E;&#x435;&#x432;&#x43E;&#x439; &#x442;&#x435;&#x445;&#x43D;&#x438;&#x43A;&#x438; &#x432;&#x441;&#x435;&#x445; &#x440;&#x43E;&#x434;&#x43E;&#x432; &#x432;&#x43E;&#x439;&#x441;&#x43A; - &#x43E;&#x442; &#x43F;&#x438;&#x441;&#x442;&#x43E;&#x43B;&#x435;&#x442;&#x43E;&#x432; &#x438; &#x432;&#x438;&#x43D;&#x442;&#x43E;&#x432;&#x43E;&#x43A; &#x434;&#x43E; &#x431;&#x43E;&#x435;&#x432;&#x44B;&#x445; &#x441;&#x430;&#x43C;&#x43E;&#x43B;&#x435;&#x442;&#x43E;&#x432; &#x438; &#x43A;&#x43E;&#x440;&#x430;&#x431;&#x43B;&#x435;&#x439;. &#x420;&#x430;&#x437;&#x440;&#x430;&#x431;&#x43E;&#x442;&#x430;&#x43D;&#x43D;&#x44B;&#x435; &#x443;&#x436;&#x435; &#x43F;&#x43E;&#x441;&#x43B;&#x435; &#x43E;&#x43A;&#x43E;&#x43D;&#x447;&#x430;&#x43D;&#x438;&#x44F; &#x445;&#x43E;&#x43B;&#x43E;&#x434;&#x43D;&#x43E;&#x439; &#x432;&#x43E;&#x439;&#x43D;&#x44B;, &#x43E;&#x43D;&#x438; &#x441;&#x442;&#x430;&#x43B;&#x438; &#x43E;&#x442;&#x432;&#x435;&#x442;&#x43E;&#x43C; &#x43D;&#x430; &#x43D;&#x43E;&#x432;&#x44B;&#x435; &#x443;&#x433;&#x440;&#x43E;&#x437;&#x44B; &#x438; &#x432;&#x43E;&#x43F;&#x43B;&#x43E;&#x442;&#x438;&#x43B;&#x438; &#x43E;&#x431;&#x43D;&#x43E;&#x432;&#x43B;&#x435;&#x43D;&#x43D;&#x44B;&#x435; &#x43A;&#x43E;&#x43D;&#x446;&#x435;&#x43F;&#x446;&#x438;&#x438; &#x43F;&#x440;&#x438;&#x43C;&#x435;&#x43D;&#x435;&#x43D;&#x438;&#x44F; &#x432;&#x43E;&#x435;&#x43D;&#x43D;&#x43E;&#x439; &#x441;&#x438;&#x43B;&#x44B;. &#x41E;&#x434;&#x43D;&#x438; &#x43E;&#x43F;&#x438;&#x441;&#x430;&#x43D;&#x43D;&#x44B;&#x435; &#x441;&#x438;&#x441;&#x442;&#x435;&#x43C;&#x44B; &#x43F;&#x43E;&#x441;&#x442;&#x443;&#x43F;&#x438;&#x43B;&#x438; &#x432; &#x432;&#x43E;&#x439;&#x441;&#x43A;&#x430; &#x432; 2000-&#x445; &#x433;&#x433;., &#x434;&#x440;&#x443;&#x433;&#x438;&#x435; &#x441;&#x443;&#x449;&#x435;&#x441;&#x442;&#x432;&#x443;&#x44E;&#x442; &#x43F;&#x43E;&#x43A;&#x430; &#x432; &#x432;&#x438;&#x434;&#x435; &#x43E;&#x43F;&#x44B;&#x442;&#x43D;&#x44B;&#x445; &#x43E;&#x431;&#x440;&#x430;&#x437;&#x446;&#x43E;&#x432;, &#x442;&#x440;&#x435;&#x442;&#x44C;&#x438; - &#x43F;&#x440;&#x43E;&#x435;&#x43A;&#x442;&#x438;&#x440;&#x443;&#x44E;&#x442;&#x441;&#x44F;. &#x412;&#x432;&#x438;&#x434;&#x443; &#x432;&#x44B;&#x441;&#x43E;&#x43A;&#x43E;&#x439; &#x441;&#x442;&#x43E;&#x438;&#x43C;&#x43E;&#x441;&#x442;&#x438; &#x441;&#x43E;&#x432;&#x440;&#x435;&#x43C;&#x435;&#x43D;&#x43D;&#x43E;&#x433;&#x43E; &#x432;&#x43E;&#x43E;&#x440;&#x443;&#x436;&#x435;&#x43D;&#x438;&#x44F; &#x441;&#x440;&#x43E;&#x43A; &#x438;&#x445; "&#x436;&#x438;&#x437;&#x43D;&#x438;" &#x432; &#x441;&#x440;&#x430;&#x432;&#x43D;&#x435;&#x43D;&#x438;&#x438;, &#x43D;&#x430;&#x43F;&#x440;&#x438;&#x43C;&#x435;&#x440;, &#x441; &#x43E;&#x440;&#x443;&#x436;&#x438;&#x435;&#x43C; &#x412;&#x442;&#x43E;&#x440;&#x43E;&#x439; &#x43C;&#x438;&#x440;&#x43E;&#x432;&#x43E;&#x439; &#x432;&#x43E;&#x439;&#x43D;&#x44B; &#x437;&#x43D;&#x430;&#x447;&#x438;&#x442;&#x435;&#x43B;&#x44C;&#x43D;&#x43E; &#x443;&#x434;&#x43B;&#x438;&#x43D;&#x438;&#x43B;&#x441;&#x44F;. &#x41F;&#x43E;&#x44D;&#x442;&#x43E;&#x43C;&#x443; &#x43C;&#x43E;&#x436;&#x43D;&#x43E; &#x43F;&#x440;&#x435;&#x434;&#x43F;&#x43E;&#x43B;&#x43E;&#x436;&#x438;&#x442;&#x44C;, &#x447;&#x442;&#x43E; &#x43E;&#x440;&#x443;&#x436;&#x438;&#x435;, &#x43E;&#x43F;&#x438;&#x441;&#x430;&#x43D;&#x43D;&#x43E;&#x435; &#x437;&#x434;&#x435;&#x441;&#x44C;, &#x431;&#x443;&#x434;&#x435;&#x442; &#x43F;&#x440;&#x438;&#x43C;&#x435;&#x43D;&#x44F;&#x442;&#x44C;&#x441;&#x44F; &#x43A;&#x430;&#x43A; &#x43C;&#x438;&#x43D;&#x438;&#x43C;&#x443;&#x43C; &#x434;&#x43E; &#x441;&#x435;&#x440;&#x435;&#x434;&#x438;&#x43D;&#x44B; &#x441;&#x442;&#x43E;&#x43B;&#x435;&#x442;&#x438;&#x44F;. &#x418;&#x437;&#x434;&#x430;&#x43D;&#x438;&#x435; &#x43F;&#x440;&#x435;&#x434;&#x43D;&#x430;&#x437;&#x43D;&#x430;&#x447;&#x435;&#x43D;&#x43E; &#x434;&#x43B;&#x44F; &#x448;&#x438;&#x440;&#x43E;&#x43A;&#x43E;&#x433;&#x43E; &#x43A;&#x440;&#x443;&#x433;&#x430; &#x447;&#x438;&#x442;&#x430;&#x442;&#x435;&#x43B;&#x435;&#x439;, &#x438;&#x43D;&#x442;&#x435;&#x440;&#x435;&#x441;&#x443;&#x44E;&#x449;&#x438;&#x445;&#x441;&#x44F; &#x43E;&#x440;&#x443;&#x436;&#x438;&#x435;&#x43C; &#x438; &#x432;&#x43E;&#x435;&#x43D;&#x43D;&#x43E;&#x439; &#x442;&#x435;&#x445;&#x43D;&#x438;&#x43A;&#x43E;&#x439;</subfield>
  </datafield>
  <datafield tag="333" ind1=" " ind2=" ">
    <subfield code="a">12+</subfield>
  </datafield>
  <datafield tag="606" ind1="1" ind2=" ">
    <subfield code="a">&#x41E;&#x440;&#x443;&#x436;&#x438;&#x435;</subfield>
    <subfield code="j">&#x42D;&#x43D;&#x446;&#x438;&#x43A;&#x43B;&#x43E;&#x43F;&#x435;&#x434;&#x438;&#x438;</subfield>
    <subfield code="2">nlr_sh1</subfield>
    <subfield code="2">nlr_sh2</subfield>
    <subfield code="3">RU\NLR\AUTH\6683679</subfield>
  </datafield>
  <datafield tag="606" ind1="1" ind2=" ">
    <subfield code="a">&#x412;&#x43E;&#x435;&#x43D;&#x43D;&#x430;&#x44F; &#x442;&#x435;&#x445;&#x43D;&#x438;&#x43A;&#x430;</subfield>
    <subfield code="j">&#x42D;&#x43D;&#x446;&#x438;&#x43A;&#x43B;&#x43E;&#x43F;&#x435;&#x434;&#x438;&#x438;</subfield>
    <subfield code="2">nlr_sh1</subfield>
    <subfield code="2">nlr_sh2</subfield>
    <subfield code="3">RU\NLR\AUTH\66105306</subfield>
  </datafield>
  <datafield tag="686" ind1="1" ind2=" ">
    <subfield code="a">&#x426;9&#x44F;20</subfield>
  </datafield>
  <datafield tag="700" ind1=" " ind2="1">
    <subfield code="a">&#x421;&#x44B;&#x442;&#x438;&#x43D;</subfield>
    <subfield code="b">&#x41B;. &#x415;.</subfield>
  </datafield>
  <datafield tag="856" ind1="4" ind2=" ">
    <subfield code="l">VNP_SKP</subfield>
    <subfield code="t">VIEW</subfield>
    <subfield code="u">https://webservices.nlr.ru/viewer/file?name=a012789079_002.txt</subfield>
    <subfield code="y">&#x410;&#x43D;&#x43D;&#x43E;&#x442;&#x430;&#x446;&#x438;&#x44F;</subfield>
  </datafield>
  <datafield tag="856" ind1="4" ind2=" ">
    <subfield code="l">VNP_SKP</subfield>
    <subfield code="t">VIEW</subfield>
    <subfield code="u">https://webservices.nlr.ru/viewer/file?name=p012789079_003.png</subfield>
    <subfield code="x">001</subfield>
    <subfield code="y">&#x421;&#x442;&#x440;&#x430;&#x43D;&#x438;&#x446;&#x430;</subfield>
  </datafield>
  <datafield tag="856" ind1="4" ind2=" ">
    <subfield code="l">VNP_SKP</subfield>
    <subfield code="t">VIEW</subfield>
    <subfield code="u">https://webservices.nlr.ru/viewer/file?name=p012789079_004.png</subfield>
    <subfield code="x">002</subfield>
    <subfield code="y">&#x421;&#x442;&#x440;&#x430;&#x43D;&#x438;&#x446;&#x430;</subfield>
  </datafield>
  <datafield tag="856" ind1="4" ind2=" ">
    <subfield code="l">VNP_SKP</subfield>
    <subfield code="t">VIEW</subfield>
    <subfield code="u">https://webservices.nlr.ru/viewer/file?name=p012789079_005.png</subfield>
    <subfield code="x">003</subfield>
    <subfield code="y">&#x421;&#x442;&#x440;&#x430;&#x43D;&#x438;&#x446;&#x430;</subfield>
  </datafield>
  <datafield tag="856" ind1="4" ind2=" ">
    <subfield code="l">VNP_SKP</subfield>
    <subfield code="t">VIEW</subfield>
    <subfield code="u">https://webservices.nlr.ru/viewer/file?name=p012789079_006.png</subfield>
    <subfield code="x">004</subfield>
    <subfield code="y">&#x421;&#x442;&#x440;&#x430;&#x43D;&#x438;&#x446;&#x430;</subfield>
  </datafield>
  <datafield tag="856" ind1="4" ind2="1">
    <subfield code="l">VNP_SKP</subfield>
    <subfield code="t">VIEW</subfield>
    <subfield code="u">https://webservices.nlr.ru/viewer/file?name=t012789079_001.png</subfield>
    <subfield code="y">&#x41E;&#x431;&#x43B;&#x43E;&#x436;&#x43A;&#x430;</subfield>
  </datafield>
  <datafield tag="942" ind1=" " ind2=" ">
    <subfield code="c">BOOK</subfield>
  </datafield>
  <datafield tag="980" ind1="4" ind2=" ">
    <subfield code="a">VNP_SKP</subfield>
  </datafield>
  <datafield tag="980" ind1=" " ind2=" ">
    <subfield code="a">NB</subfield>
  </datafield>
  <datafield tag="995" ind1=" " ind2=" ">
    <subfield code="5">2022-05-17</subfield>
    <subfield code="a">ad</subfield>
    <subfield code="b">NLR01</subfield>
    <subfield code="c">NLR01</subfield>
    <subfield code="e">RF81</subfield>
    <subfield code="f">1-3780821</subfield>
    <subfield code="k">2022-7/3593</subfield>
    <subfield code="o">0</subfield>
    <subfield code="r">BOOK</subfield>
    <subfield code="s">202273593_</subfield>
  </datafield>
  <datafield tag="995" ind1=" " ind2=" ">
    <subfield code="5">2022-05-17</subfield>
    <subfield code="a">ad</subfield>
    <subfield code="b">NLR01</subfield>
    <subfield code="c">NLR01</subfield>
    <subfield code="e">RF81</subfield>
    <subfield code="f">1-3780820</subfield>
    <subfield code="k">2022-7/3593</subfield>
    <subfield code="o">0</subfield>
    <subfield code="r">BOOK</subfield>
    <subfield code="s">202273593_</subfield>
  </datafield>
</record>
